005780000a2200145000450024501920000065000150019265000260020765000250023365000140025865100420027265300340031404100130034810000240036177300470038510aTaxonomy, Distribution, and natural history of the genus Heteromys () in Western Venezuela, with the description of a dwaef species from the peninsula de Paraguana14aBotánica14aSistemática vegetal14aMorfología vegetal14aEndemismo 4lPenínsula de ParaguanápVenezuela gHeteromyseHeteromys anomalus0 aInglés1 aAnderson, Robert P.1 tAmerican Museum Noviatesh3396q1-43d2003